Size sampling procedure using probability-proportional method

Popis PPS odber vzoriek (Probability-proportional to size sampling). Ciele a predpoklady PPS odberu vzoriek. Výhody a nevýhody PPS odberu vzoriek. Plán odberu vzorky. Definícia populácie a jednotky vzorky. Stanovenie veľkosti vzorky. Plán odberu vzorky. Vyhodnotenie výsledkov.

Saved in:
Bibliographic Details
Main Author: Bolgáč, Ján, 1959-
Other Authors: Strelcová, Michaela
Format: Book Chapter
Language:English
Subjects:
Tags: Add Tag
No Tags, Be the first to tag this record!

MARC

LEADER 00000naa$a2200000$$$4500
001 0085136
005 20240502083226.5
041 0 |a eng 
044 |a UA 
245 1 0 |a Size sampling procedure using probability-proportional method  |c Ján Bolgáč, Michaela Strelcová 
520 |a Popis PPS odber vzoriek (Probability-proportional to size sampling). Ciele a predpoklady PPS odberu vzoriek. Výhody a nevýhody PPS odberu vzoriek. Plán odberu vzorky. Definícia populácie a jednotky vzorky. Stanovenie veľkosti vzorky. Plán odberu vzorky. Vyhodnotenie výsledkov. 
610 2 0 |a metódy štatistické 
610 2 0 |a metódy matematicko-štatistické 
610 2 0 |a audit 
610 2 0 |a bankovníctvo 
100 1 |a Bolgáč, Ján, 1959- 
700 1 |a Strelcová, Michaela